=LDR 00000nam 2200000 4500 =001 INLIS000000000024878 =005 20200716090117 =035 ##$$a 0010-061300000024878 =008 200716################g##########0#ind## =041 ##$$a ind =082 ##$$a 2x6.6 =090 ##$$a 2x6.6, MUH m =245 ##$$a Muhammadiyah dalam kritik dan komentar, /$c Editor, M.Rusli Karim =260 ##$$a Jakarta :$b Rajawali,$c 1986 =300 ##$$a xxiv, 472 hlm., ; $c 15 x 23 cm =650 #4$$a Muhammadiyah =850 ##$$a NBPNMAT =020 ##$$a 979-421-007-2 =084 ##$$a 2x6.6 MUH m =700 #$$a M.Rusli Karim =504 ##$$a Bibliografi : hlm, 471-472 =990 ##$$a 103.244/Pro.96 =990 ##$$a 103.245/pro-96